LEADER 01338nam a2200301 u 4500 001 000000002673 003 CaOOAMICUS 005 20070226104445.0 008 940920s1955 be u000 u fre u 035 $a10066483 040 $aPUL$bita 100 1 $aGhellinck, Joseph de,$cS.I.,$d1872-1950.$0(OLS)http://pul/name/950 245 12$aL'essor de la littérature latine au XIIe siècle. 250 $a2. éd. 260 $aBruxelles :$bDesclée De Brouwer,$c1955. 300 $ax, 584 p.; ;$c24 cm 490 1 $aMuseum Lessianum.$aSection historique ;$vn. 4-5 500 $aComprende indici. 504 $aApercu bibliographique p. 19-32 e in nota a fondo pagina 650 4$aLetteratura latina medievale e moderna.$0(OLS)http://pul/subject/2377 650 4$aLetteratura latina$xStoria$ySec. XII.$0(OLS)http://pul/subject/2378 830 0$aMuseum Lessianum.$pSection historique ;$vn. 4-5.$0(OLS)http://pul/title/3918 850 $aPUL 852 $aPUL$W1$xDP1 Fondo Maccarrone$y58$m1503 A 4$j3559$nBK-PRI$b $qFondi$B3559$CPULBib$Z2$F3559 $H $81 941 1 $a1 961 $aINV: 00819 -- Fondo Mons. M. Maccarrone 996 $6245$aL'essor de la littérature latine au XIIe siècle$9(OLS)http://pul/title/3919 996 $6260$aBruxelles :$bDesclée De Brouwer$9(OLS)http://pul/publisher/48616 LEADER 01216nam a2200265 u 4500 001 000000003976 003 CaOOAMICUS 005 20070226104611.0 008 940514s1920 wb u000 u ger u 035 $a10105437 040 $aDLC$bita$cOClW$d*BOL*$dCStRLIN$dPUL(R) 041 0 $ager$agrc$alat 100 1 $aMeyer, Paul Martin,$d1865-1946.$0(OLS)http://pul/name/4131 245 10$aJuristische Papyri :$bErklarung von Urkunden zur Einführung in die juristische Papyruskunde /$cvon Paul M. Meyer. 260 $aBerlin :$bWeidmann,$c1920. 300 $axx, 380 p. ;$c24 cm 650 0$aLaw, Egypt.$2//eng$0(OLS)http://pul/subject/3295 650 0$aLaw, Greek.$2//eng$0(OLS)http://pul/subject/2871 650 0$aManuscripts, Greek (Papyri).$2//eng$0(OLS)http://pul/subject/3294 850 $aPUL 852 $aPUL$W1$xDP2 Diritto e Scienze Sociali 1$y65$m186 F 30$j5473$nBK-PRI$qStampati$B5473$CPULBib$Z2$F5473 $82 941 1 $a8 961 $aEx libris: Evaristi Carusi.Timbri: Biblioteca Carusi. 996 $6245$aJuristische Papyri :$bErklarung von Urkunden zur Einführung in die juristische Papyruskunde$9(OLS)http://pul/title/5801 996 $6260$aBerlin :$bWeidmann$9(OLS)http://pul/publisher/49940